000 00445nam a2200169Ia 4500
005 20240913125930.0
008 240913s9999||||xx |||||||||||||| ||und||
041 _aENGLISH
082 _A617.05 Q7
100 _aKandarpa,Krishna
245 0 _aHandbook of Interventional Radiologic Procedures
250 _a5th
260 _c2017
_bWolters K
500 _aREFERENCE
650 _aPerfusion Technology
_bAllied Health Science
942 _cREF
999 _c246587
_d246587